Divisió territorial : estudis i projectes : nomenclator de municipis / Generalitat de Catalunya estudis i projectes :
Descripción Física:
2 v. ; 21'5 cm
MARC
| LEADER | 00000nam a2200000Ia 4500 | ||
|---|---|---|---|
| 001 | 616, 617 | ||
| 008 | 160829s1933 xx 000 0 cat d | ||
| 080 | |a M-3-152, RF-4-38 | ||
| 110 | 1 | |a Catalunya. |b Generalitat |9 12125 | |
| 245 | |a Divisió territorial : |b estudis i projectes : |b nomenclator de municipis / Generalitat de Catalunya | ||
| 260 | |a Barcelona : |b (Imp. Mallorca), |c 1933 | ||
| 300 | |a 2 v. ; |c 21'5 cm | ||
| 590 | |a Conté: v. 1: Text; v. 2: Mapes | ||
| 651 | 0 | |a Catalunya |x Divisions administratives i polítiques |9 54246 | |
| 856 | 4 | |u https://media.diba.cat/diba/fitxers/arxiu/fulletons/bib_617_1933_baixa.pdf |y Accés lliure | |
| 856 | 4 | |u https://media.diba.cat/diba/fitxers/arxiu/fulletons/bib_617_1933_baixa.pdf |y Accés lliure | |
| 901 | |a Arxiu | ||
| 942 | |n 1 |2 udc | ||
| 952 | |0 0 |1 0 |4 0 |6 M3152_RF438 |7 1 |9 48416 |a Arxiu |b Arxiu |d 2016-12-01 |l 0 |o M-3-152, RF-4-38 |p 616, 617 |r 2016-12-01 00:00:00 |w 2016-12-01 |y ARXIU | ||
| 999 | |c 52244 |d 52244 | ||
| 900 | |a bib_617_1933_baixa.pdf | ||